| 000 | 00593nam a2200193 a 4500 | ||
|---|---|---|---|
| 001 | 516 | ||
| 003 | CDMR | ||
| 005 | 20131203134419.0 | ||
| 008 | 130130s1963||||||||||||||||||||||||||||d | ||
| 040 |
_aCDMR _bcat _cCDMR |
||
| 100 | 1 |
_aWright, Charles Richard _9372 |
|
| 245 | 1 | 0 |
_aComunicación de masas _b: una perspectiva sociológica _cCharles R. Wright |
| 260 |
_aBuenos Aires _c1963 _bPaidós |
||
| 300 | _a155 p. | ||
| 490 | 0 |
_aBiblioteca del Hombre Contemporáneo _v63 |
|
| 500 | _aReimpressió 1971 | ||
| 650 | 0 | 4 |
_9921 _aMitjans de comunicació de massa _xAspectes sociològics |
| 942 |
_cMON _2udc |
||
| 999 |
_c516 _d516 |
||